A Select collection of modern poems : By the most eminent hands. Viz. Milton. Mr. Prior. Mr. Hughes. Mr. Addison. Mr. Dryden. Mr. Congreve. Mr. Gay. Mr. Pope. Dr. Arbuthnot. Dr. Parnell. Mr. Tickel. Lord Lansdowne, &c.

Bibliographic Details
Corporate Author: Gale (Firm)
Format: eBook
Language:English
Edition:The second edition.
Subjects:
Online Access:Connect to the full text of this electronic book

MARC

Tag First Indicator Second Indicator Subfields
LEADER 00000cam a2200000 4500
001 in00003845895
005 20190415182926.0
006 m o d
007 cr |n||||||||n
008 851217s1750 stk|||| o 00| ||eng c
035 |a (CU-RivES)N21691 
035 |a (Uk-ES)006012827 
035 |a (OCoLC)508045446 
040 |a CU-RivES  |c CU-RivES  |d CU-RivES  |d CStRLIN  |d CU-RivES  |d Cengage Gale  |d UtOrBLW 
245 0 2 |a A Select collection of modern poems :  |b By the most eminent hands. Viz. Milton. Mr. Prior. Mr. Hughes. Mr. Addison. Mr. Dryden. Mr. Congreve. Mr. Gay. Mr. Pope. Dr. Arbuthnot. Dr. Parnell. Mr. Tickel. Lord Lansdowne, &c. 
250 |a The second edition. 
264 3 |a Glasgow :  |b Printed by R. Urie: for J. Gilmour, opposite Gibson's-Land, Salt-mercat,  |c MDCCL. [1750] 
300 |a 1 online resource (207, 1 unnumbered pages)  
336 |a text  |b txt  |2 rdacontent 
337 |a computer  |b c  |2 rdamedia 
338 |a online resource  |b cr  |2 rdacarrier 
510 4 |a Case,  |c 445 (b) 
510 4 |a English Short Title Catalog,  |c N21691. 
500 |a Reproduction of original from British Library. 
500 |a Electronic resource. 
650 0 |a English poetry.  |0 http://id.loc.gov/authorities/subjects/sh85043932 
655 7 |a Electronic books.  |2 local 
710 2 |a Gale (Firm)  |0 http://id.loc.gov/authorities/names/no2008071348 
752 |a Great Britain  |b Scotland  |d Glasgow. 
856 4 0 |u http://proxy.library.tamu.edu/login?url=http://find.galegroup.com/ecco/infomark.do?contentSet=ECCOArticles&docType=ECCOArticles&bookId=1332001300&type=getFullCitation&tabID=T001&prodId=ECCO&docLevel=TEXT_GRAPHICS&version=1.0&source=library&userGroupName=txshracd2898  |z Connect to the full text of this electronic book  |t 0 
999 f f |s 20d9fb46-c21f-3df3-ba57-41d31559484e  |i be2fadab-3a42-3910-81e2-91901392b123  |t 0 
952 f f |a Texas A&M University  |b College Station  |c Electronic Resources  |d Available Online  |t 0  |h No information provided 
998 f f |t 0  |l Available Online